|
|
|
|
| LEADER |
00000nam0a2200000 4500 |
| 001 |
118454 |
| 005 |
20231031124137.0 |
| 010 |
|
|
|a 7100041120
|
| 035 |
|
|
|a (RuTPU)RU\TPU\book\128176
|
| 090 |
|
|
|a 118454
|
| 100 |
|
|
|a 20070613d2005 km y0rusy50 ca
|
| 101 |
0 |
|
|a chi
|
| 102 |
|
|
|a CN
|
| 105 |
|
|
|a y z 000zy
|
| 200 |
1 |
|
|a Теория модернизации
|f А. Хеллер
|g пер. Ли Жуй Хуа
|
| 210 |
|
|
|a Пекин
|c Коммерческое печатное изд-во
|d 2005
|
| 215 |
|
|
|a 409 с.
|c ил.
|
| 225 |
1 |
|
|a Новейшие исследовательские работы в переводе на китайский язык
|
| 300 |
|
|
|a Книга на китайском языке.
|
| 610 |
1 |
|
|a правовые теории
|
| 610 |
1 |
|
|a политическая теория
|
| 610 |
1 |
|
|a право
|
| 610 |
1 |
|
|a правовые теории
|
| 610 |
1 |
|
|a модернизация
|
| 610 |
1 |
|
|a трансформации
|
| 610 |
1 |
|
|a трансформационная политика
|
| 610 |
1 |
|
|a политические реформы
|
| 610 |
1 |
|
|a правовые реформы
|
| 610 |
1 |
|
|a теория
|
| 610 |
1 |
|
|a общество
|
| 610 |
1 |
|
|a законодательство
|
| 686 |
|
|
|a Ф01
|v LBC/SL-A
|2 rubbk
|
| 686 |
|
|
|a Х0
|v LBC/SL-A
|2 rubbk
|
| 700 |
|
1 |
|a Хеллер
|b А.
|g Агнес
|
| 702 |
|
1 |
|a Ли Жуй Хуа
|4 730
|
| 801 |
|
1 |
|a RU
|b 63413507
|c 20070613
|g PSBO
|
| 801 |
|
2 |
|a RU
|b 63413507
|c 20070705
|g PSBO
|
| 942 |
|
|
|c BK
|